| 000 | 00723nam a2200181 i 4500 | ||
|---|---|---|---|
| 001 | 61152 | ||
| 003 | ES-MaACL | ||
| 005 | 20230906164401.0 | ||
| 007 | t| | ||
| 008 | 031110s1983 fr ||||1| fre d | ||
| 020 | _a92-64-22464-5 | ||
| 245 | 0 | 4 |
_aLes etudes et le travail vus par les jeunes / _cCentre pour la Recherche et l'Innovation dans l'Enseignement, Organisation de Coopèration et de Dèveloppement Economiques. |
| 260 |
_aParís : _bCERI : _bOCDE, _c1983. |
||
| 300 |
_a137 p. ; _c24 cm. |
||
| 504 | _aBibliografía: p. 118-137. | ||
| 710 | 2 |
_aOrganización de Cooperación y Desarrollo Económico. _bCentro para la Investigación e Innovación de la Enseñanza. _96057 |
|
| 852 |
_aES-MaACL _jL-10246 _bR.112173 |
||
| 999 |
_c61152 _d61152 |
||